000
00340 a2200157 4500
001
58005
020
_a
9788526272262
040
_c
Anchieta - Pituba
100
_a
Galvão, Donizete
240
1
0
_a
Traçados diversos
_l
por
245
1
0
_a
Traçados diversos
300
_a
197
362
0
_a
2008
650
4
_a
Poesia brasileira
942
_c
BK
999
_c
58005
_d
58005